| 000 | 00538nam a2200181 u 4500 | ||
|---|---|---|---|
| 001 | 000055213 | ||
| 005 | 20200120223023.0 | ||
| 008 | 110301s1990 ck ag fr 000 0 spa d | ||
| 041 | 0 | _a*spa | |
| 082 | 0 | 4 |
_a787.87 _bM27 _221 |
| 245 | 0 | 0 |
_aMétodo relámpago para guitarra : _bpara aprender en corto tiempo. |
| 250 | _a2a. ed. | ||
| 260 |
_aBogotá : _bRafael Usme, _c[1990]-. |
||
| 300 |
_a35 p. : _bil. |
||
| 650 | 1 | 7 |
_aMúsica para guitarra _xEnseñanza _2LEMB. |
| 650 | 2 | 7 |
_aGuitarra _xMétodo _2LEMB. |
| 650 | 2 | 7 |
_aGuitarra _xEnseñanza _2LEMB. |
| 999 |
_c4777 _d4777 |
||